| 000 | 00828nam a22002295i 4500 | ||
|---|---|---|---|
| 001 | 53120 | ||
| 003 | ES-MaACL | ||
| 005 | 20250805064133.0 | ||
| 007 | t| | ||
| 008 | 950907s1890 fr ||||1| fre d | ||
| 040 |
_aCAM _bspa _cCAM |
||
| 100 | 1 |
_aDu Camp, Maxime. _945700 |
|
| 245 | 1 | 0 |
_aThéophile Gautier / _cpar Maxime Du Camp. |
| 260 |
_aParis : _bLibrairie Hachette et Cie., _c1890 ( _eCoulommiers : _fimprimerie Paul Brodard) |
||
| 300 |
_a200, [1] p., [1] h. de lám. ; _c19 cm. |
||
| 490 | 1 | _aLes grands écrivains français | |
| 500 | _aLa h. de lám., reprod.. de una fot. de Théophile Gautier. | ||
| 600 | 1 | 4 |
_aGautier, Théophile, _d1811-1872 _9170960 |
| 830 | 0 |
_aLes grands écrivains français _9182230 |
|
| 852 |
_aES-MaACL _jB-3185(1) _z.- Encuadernado con otra obra |
||
| 999 |
_c53120 _d53120 |
||